000
00422nam a2200145Ia 4500
008
100122s9999 xx 000 0 und d
082
_b
34428
_a
823.08
100
_a
साने शुभदा
245
_a
चित्रांगण
260
_b
माधव रा.कानिटकर
_c
1905
300
_a
100
630
_a
चित्रांगण
730
_a
चित्रांगण
942
_c
BOOK
999
_c
418127
_d
418124